Breath of the Wild - Hyrule Compendium - Statistics

General Stats
  • This quiz has been taken 46 times
  • The average score is 82 of 394
Answer Stats
Number Entry % Correct
104 Bokoblin
76%
206 Master Sword
76%
110 Moblin
76%
170 Apple
71%
116 Lizalfos
71%
106 Black Bokoblin
65%
112 Black Moblin
65%
105 Blue Bokoblin
65%
111 Blue Moblin
65%
109 Golden Bokoblin
65%
124 Golden Lizalfos
65%
115 Golden Moblin
65%
001 Horse
65%
117 Blue Lizalfos
59%
168 Calamity Ganon
59%
089 Fire Keese
59%
088 Keese
59%
125 Lynel
59%
108 Silver Bokoblin
59%
123 Silver Lizalfos
59%
118 Black Lizalfos
53%
091 Electric Keese
53%
152 Hinox
53%
179 Hylian Shroom
53%
048 Hyrule Bass
53%
090 Ice Keese
53%
114 Silver Moblin
53%
119 Stalizalfos
53%
107 Stalkoblin
53%
113 Stalmoblin
53%
212 Traveler's Sword
53%
154 Black Hinox
47%
153 Blue Hinox
47%
165 Fireblight Ganon
47%
173 Hearty Durian
47%
359 Hylian Shield
47%
187 Rushroom
47%
164 Thunderblight Ganon
47%
166 Waterblight Ganon
47%
167 Windblight Ganon
47%
126 Blue-Maned Lynel
41%
343 Boko Bow
41%
084 Chuchu
41%
122 Electric Lizalfos
41%
002 Giant Horse
41%
129 Golden Lynel
41%
086 Ice Chuchu
41%
214 Knight's Broadsword
41%
178 Mighty Bananas
41%
128 Silver Lynel
41%
213 Soldier's Broadsword
41%
005 Stalhorse
41%
155 Stalnox
41%
207 Tree Branch
41%
341 Ancient Bow
35%
229 Boko Club
35%
169 Dark Beast Ganon
35%
087 Electric Chuchu
35%
085 Fire Chuchu
35%
130 Guardian Stalker
35%
049 Hearty Bass
35%
189 Ironshroom
35%
349 Lynel Bow
35%
156 Molduga
35%
360 Pot Lid
35%
143 Stone Talus
35%
330 Traveler's Bow
35%
003 White Horse
35%
184 Chillshroom
29%
071 Cold Darner
29%
161 Cursed Bokoblin
29%
163 Cursed Lizalfos
29%
162 Cursed Moblin
29%
158 Dinraal
29%
006 Donkey
29%
231 Dragonbone Boko Club
29%
160 Farosh
29%
098 Fire Wizzrobe
29%
135 Guardian Scout I
29%
136 Guardian Scout II
29%
137 Guardian Scout III
29%
138 Guardian Scout IV
29%
082 Hearty Lizard
29%
261 Knight's Claymore
29%
296 Knight's Halberd
29%
238 Lynel Sword
29%
059 Mighty Porgy
29%
171 Palm Fruit
29%
094 Rock Octorok
29%
272 Royal Guard's Claymore
29%
378 Royal Guard's Shield
29%
007 Sand Seal
29%
204 Silent Princess
29%
050 Staminoka Bass
29%
391 Treasure Chest
29%
072 Warm Darner
29%
127 White-Maned Lynel
29%
060 Armored Porgy
24%
353 Arrow
24%
193 Big Hearty Radish
24%
102 Blizzrobe
24%
313 Boko Spear
24%
328 Bow of Light
24%
205 Courser Bee Honey
24%
281 Dragonbone Moblin Club
24%
073 Electric Darner
24%
100 Electric Wizzrobe
24%
180 Endura Shroom
24%
066 Fairy
24%
338 Great Eagle Bow
24%
385 Guardian Shield
24%
386 Guardian Shield+
24%
387 Guardian Shield++
24%
322 Guardian Spear
24%
323 Guardian Spear+
24%
324 Guardian Spear++
24%
192 Hearty Radish
24%
051 Hearty Salmon
24%
028 Hylian Retriever
24%
191 Hyrule Herb
24%
355 Ice Arrow
24%
099 Ice Wizzrobe
24%
332 Knight's Bow
24%
367 Knight's Shield
24%
004 Lord of the Mountain
24%
350 Mighty Lynel Bow
24%
239 Mighty Lynel Sword
24%
279 Moblin Club
24%
014 Mountain Buck
24%
015 Mountain Doe
24%
159 Naydra
24%
043 Pink Heron
24%
188 Razorshroom
24%
011 Red-Tusked Boar
24%
074 Restless Cricket
24%
333 Royal Bow
24%
215 Royal Broadsword
24%
262 Royal Claymore
24%
309 Royal Guard's Spear
24%
225 Royal Guard's Sword
24%
368 Royal Shield
24%
377 Rusty Shield
24%
356 Shock Arrow
24%
053 Sizzlefin Trout
24%
070 Smotherwing Butterfly
24%
095 Snow Octorok
24%
260 Soldier's Claymore
24%
344 Spiked Boko Bow
24%
230 Spiked Boko Club
24%
280 Spiked Moblin Club
24%
181 Stamella Shroom
24%
068 Summerwing Butterfly
24%
185 Sunshroom
24%
365 Traveler's Shield
24%
054 Voltfin Trout
24%
092 Water Octorok
24%
067 Winterwing Butterfly
24%
186 Zapshroom
24%
358 Ancient Arrow
18%
282 Ancient Battle Axe
18%
283 Ancient Battle Axe+
18%
284 Ancient Battle Axe++
18%
057 Armored Carp
18%
032 Blue Sparrow
18%
042 Blue-Winged Heron
18%
276 Boko Bat
18%
379 Boko Shield
18%
357 Bomb Arrow
18%
266 Boulder Breaker
18%
030 Common Sparrow
18%
194 Cool Safflina
18%
134 Decayed Guardian
18%
256 Double Axe
18%
278 Dragonbone Boko Bat
18%
345 Dragonbone Boko Bow
18%
046 Eldin Ostrich
18%
196 Electric Safflina
18%
337 Falcon Bow
18%
354 Fire Arrow
18%
120 Fire-Breath Lizalfos
18%
083 Fireproof Lizard
18%
226 Flameblade
18%
334 Forest Dweller's Bow
18%
216 Forest Dweller's Sword
18%
093 Forest Octorok
18%
227 Frostblade
18%
147 Frost Talus
18%
219 Gerudo Scimitar
18%
372 Gerudo Shield
18%
273 Great Flameblade
18%
274 Great Frostblade
18%
275 Great Thunderblade
18%
027 Grizzlemaw Bear
18%
131 Guardian Skywatcher
18%
235 Guardian Sword
18%
236 Guardian Sword+
18%
237 Guardian Sword++
18%
132 Guardian Turret
18%
017 Hateno Cow
18%
182 Hearty Truffle
18%
174 Hydromelon
18%
121 Ice-Breath Lizalfos
18%
146 Igneo Talus
18%
394 Luminous Ore Deposit
18%
325 Lynel Spear
18%
101 Meteo Wizzrobe
18%
056 Mighty Carp
18%
389 Mighty Lynel Shield
18%
157 Molduking
18%
012 Mountain Goat
18%
392 Ore Deposit
18%
037 Rainbow Pigeon
18%
033 Rainbow Sparrow
18%
393 Rare Ore Deposit
18%
031 Red Sparrow
18%
383 Reinforced Lizal Shield
18%
342 Royal Guard's Bow
18%
297 Royal Halberd
18%
224 Rusty Broadsword
18%
271 Rusty Claymore
18%
058 Sanke Carp
18%
240 Savage Lynel Sword
18%
133 Sentry
18%
061 Sneaky River Snail
18%
331 Soldier's Bow
18%
209 Soup Ladle
18%
277 Spiked Boko Bat
18%
380 Spiked Boko Shield
18%
336 Swallow Bow
18%
024 Tabantha Moose
18%
228 Thunderblade
18%
069 Thunderwing Butterfly
18%
103 Thunder Wizzrobe
18%
080 Tireless Frog
18%
208 Torch
18%
259 Traveler's Claymore
18%
195 Warm Safflina
18%
255 Woodcutter's Axe
18%
010 Woodland Boar
18%
376 Ancient Shield
12%
183 Big Hearty Truffle
12%
203 Blue Nightshade
12%
210 Boomerang
12%
065 Bright-Eyed Crab
12%
009 Bushy-Tailed Squirrel
12%
052 Chillfin Trout
12%
047 Cucco
12%
381 Dragonbone Boko Shield
12%
303 Drillshaft
12%
222 Eightfold Blade
12%
304 Feathered Spear
12%
364 Fisherman's Shield
12%
310 Flamespear
12%
298 Forest Dweller's Spear
12%
199 Fortified Pumpkin
12%
150 Frost Pebblit
12%
311 Frostspear
12%
305 Gerudo Spear
12%
258 Giant Boomerang
12%
339 Golden Bow
12%
035 Golden Sparrow
12%
081 Hightail Lizard
12%
026 Honeyvore Bear
12%
038 Hotfeather Pigeon
12%
079 Hot-Footed Frog
12%
363 Hunter's Shield
12%
149 Igneo Pebblit
12%
257 Iron Sledgehammer
12%
371 Kite Shield
12%
232 Lizal Boomerang
12%
382 Lizal Shield
12%
285 Lynel Crusher
12%
388 Lynel Shield
12%
141 Master Kohga
12%
286 Mighty Lynel Crusher
12%
201 Mighty Thistle
12%
316 Moblin Spear
12%
008 Patricia
12%
034 Sand Sparrow
12%
351 Savage Lynel Bow
12%
287 Savage Lynel Crusher
12%
390 Savage Lynel Shield
12%
327 Savage Lynel Spear
12%
221 Scimitar of the Seven
12%
375 Shield of the Mind's Eye
12%
097 Sky Octorok
12%
366 Soldier's Shield
12%
295 Soldier's Spear
12%
175 Spicy Pepper
12%
314 Spiked Boko Spear
12%
055 Stealthfin Trout
12%
384 Steel Lizal Shield
12%
148 Stone Pebblit
12%
265 Stone Smasher
12%
144 Stone Talus (Luminous)
12%
145 Stone Talus (Rare)
12%
197 Swift Carrot
12%
312 Thunderspear
12%
294 Traveler's Spear
12%
096 Treasure Octorok
12%
176 Voltfruit
12%
172 Wildberry
12%
288 Windcleaver
12%
329 Wooden Bow
12%
361 Wooden Shield
12%
139 Yiga Footsoldier
12%
299 Zora Spear
12%
217 Zora Sword
12%
307 Ancient Spear
6%
202 Armoranth
6%
075 Bladed Rhino Beetle
6%
029 Blupee
6%
250 Bokoblin Arm
6%
301 Ceremonial Trident
6%
264 Cobble Crusher
6%
374 Daybreaker
6%
248 Demon Carver
6%
315 Dragonbone Boko Spear
6%
318 Dragonbone Moblin Spear
6%
352 Duplex Bow
6%
269 Edge of Duality
6%
268 Eightfold Longblade
6%
198 Endura Carrot
6%
291 Farmer's Pitchfork
6%
253 Farming Hoe
6%
177 Fleet-Lotus Seeds
6%
369 Forest Dweller's Shield
6%
321 Forked Lizal Spear
6%
267 Golden Claymore
6%
019 Grassland Fox
6%
025 Great-Horned Rhinoceros
6%
062 Hearty Blueshell Snail
6%
151 Igneo Talus Titan
6%
064 Ironshell Crab
6%
252 Korok Leaf
6%
302 Lightscale Trident
6%
346 Lizal Bow
6%
251 Lizalfos Arm
6%
319 Lizal Spear
6%
234 Lizal Tri-Boomerang
6%
242 Meteor Rod
6%
326 Mighty Lynel Spear
6%
289 Moblin Arm
6%
142 Monk Maz Koshia
6%
249 One-Hit Obliterator
6%
340 Phrenic Bow
6%
373 Radiant Shield
6%
063 Razorclaw Crab
6%
076 Rugged Rhino Beetle
6%
045 Seagull
6%
306 Serpentine Spear
6%
190 Silent Shroom
6%
335 Silver Bow
6%
370 Silver Shield
6%
317 Spiked Moblin Spear
6%
211 Spring-Loaded Hammer
6%
348 Steel Lizal Bow
6%
347 Strengthened Lizal Bow
6%
293 Throwing Spear
6%
247 Vicious Sickle
6%
022 Wasteland Coyote
6%
013 White Goat
6%
039 White Pigeon
6%
290 Wooden Mop
6%
036 Wood Pigeon
6%
140 Yiga Blademaster
6%
270 Ancient Bladesaw
0%
223 Ancient Short Sword
0%
244 Blizzard Rod
0%
254 Boat Oar
0%
041 Bright-Chested Duck
0%
023 Cold-Footed Wolf
0%
362 Emblazoned Shield
0%
077 Energetic Rhino Beetle
0%
320 Enhanced Lizal Spear
0%
218 Feathered Edge
0%
241 Fire Rod
0%
292 Fishing Harpoon
0%
018 Highland Sheep
0%
243 Ice Rod
0%
044 Islander Hawk
0%
245 Lightning Rod
0%
233 Lizal Forked Boomerang
0%
021 Maraudo Wolf
0%
220 Moonlight Scimitar
0%
040 Mountain Crow
0%
308 Rusty Halberd
0%
263 Silver Longsword
0%
300 Silverscale Spear
0%
020 Snowcoat Fox
0%
078 Sunset Firefly
0%
200 Swift Violet
0%
246 Thunderstorm Rod
0%
016 Water Buffalo
0%
No matching quizzes found
Score Distribution
Percent of People with Each Score
Percentile by Number Answered
Your Score History
You have not taken this quiz